000
00165 a2200085 4500
041
_a
spa
100
_a
Roger Matuz Lazo
245
_a
Espaǫl Segundo Aǫ
942
_c
BK
999
_c
15843
_d
15843